Normal view
MARC view
- Ethnology
Entry Topical Term
001 - CONTROL NUMBER
- control field: 20997
003 - CONTROL NUMBER IDENTIFIER
- control field: NUST
005 - DATE AND TIME OF LATEST TRANSACTION
- control field: 20190920104136.0
008 - FIXED-LENGTH DATA ELEMENTS
- fixed length control field: 190920|| aca||aabn | a|a d
040 ## - CATALOGING SOURCE
- Original cataloging agency: NUST
- Transcribing agency: NUST
150 ## - HEADING--TOPICAL TERM
- Topical term or geographic name entry element: Ethnology
- Geographic subdivision: India
- Geographic subdivision: Punjab.
670 ## - SOURCE DATA FOUND
- Source citation: Work cat.: (NUST)0: Rose, H. A. (Horace Arthur), 1867-1933. 1308, A glossary of the tribes and castes of the Punjab and North-West Frontier Province /, 2007.
